ਐਗਮੈਮਨਨ (Record no. 390467)

MARC details
000 -LEADER
fixed length control field 00787nam a22002537a 4500
003 - CONTROL NUMBER IDENTIFIER
control field OSt
005 - DATE AND TIME OF LATEST TRANSACTION
control field 20220924113704.0
008 - FIXED-LENGTH DATA ELEMENTS--GENERAL INFORMATION
fixed length control field 220923b |||||||| |||| 00| 0 gre d
037 ## - SOURCE OF ACQUISITION
Terms of availability General Books
040 ## - CATALOGING SOURCE
Original cataloging agency ARTS
Transcribing agency ARTS
Language of cataloging GRE
041 ## - LANGUAGE CODE
Source of code GRE
Language code of text/sound track or separate title GRE
100 ## - MAIN ENTRY--PERSONAL NAME
Personal name ਇਸਕਿਲਸ;
245 #0 - TITLE STATEMENT
Title ਐਗਮੈਮਨਨ
260 ## - PUBLICATION, DISTRIBUTION, ETC.
Place of publication, distribution, etc. ਦਿਲੀ
Name of publisher, distributor, etc. ਸਾਹਿਤ ਅਕਾਦਮੀ
Date of publication, distribution, etc. 1981
300 ## - PHYSICAL DESCRIPTION
Extent 152ਪੰ
650 ## - SUBJECT ADDED ENTRY--TOPICAL TERM
Topical term or geographic name entry element ਗ੍ਰੀਕ ਸਾਹਿਤ
700 ## - ADDED ENTRY--PERSONAL NAME
Personal name ਮੋਹਲ, ਬ੍ਰਜ, ੳਗ।
942 ## - ADDED ENTRY ELEMENTS (KOHA)
Classification part O13,2C475,AG, 153M1
Koha item type General Books
Source of classification or shelving scheme Colon Classification (CC)
Holdings
Withdrawn status Lost status Damaged status Not for loan Home library Current library Date acquired Total Checkouts Full call number Barcode Date last seen Price effective from Koha item type
        Arts Library Arts Library 2022-09-24   O13,2C475,AG 153M1 AL1057609 2022-09-24 2022-09-24 General Books
Copyright @ Delhi University Library System